[Event "Budapest FS02 GM"]
[Site "Budapest"]
[Date "2024.02.05"]
[Round "3"]
[White "Berczes, David"]
[Black "Kovalev, Andrei"]
[Result "1/2-1/2"]
[WhiteElo "2425"]
[BlackElo "2432"]
[PlyCount "24"]
[EventDate "2024.02.03"]
[EventType "tourn"]
[EventRounds "9"]
[EventCountry "HUN"]
[EventCategory "7"]
[SourceTitle "CB08_2024"]
[SourceDate "2024.02.21"]
[SourceVersion "1"]
[SourceVersionDate "2024.02.21"]
[SourceQuality "1"]

1. d4 Nf6 2. c4 g6 3. Nf3 Bg7 4. g3 c6 5. Bg2 d5 6. 0-0 0-0 7. cxd5 cxd5 8. Nc3 Ne4 9. Ng5 Nf6 10. Nf3 Ne4 11. Ng5 Nf6 12. Nf3 Ne4 1/2-1/2

[Event "Budapest FS02 GM"]
[Site "Budapest"]
[Date "2024.02.03"]
[Round "1"]
[White "Berczes, David"]
[Black "Zverev, Lev"]
[Result "1/2-1/2"]
[WhiteElo "2425"]
[BlackElo "2343"]
[PlyCount "98"]
[EventDate "2024.02.03"]
[EventType "tourn"]
[EventRounds "9"]
[EventCountry "HUN"]
[EventCategory "7"]
[SourceTitle "CB08_2024"]
[SourceDate "2024.02.21"]
[SourceVersion "1"]
[SourceVersionDate "2024.02.21"]
[SourceQuality "1"]

1. Nf3 Nf6 2. g3 d5 3. Bg2 Bf5 4. 0-0 e6 5. d3 Be7 6. Nh4 Bg4 7. h3 Bh5 8. f4 Nfd7 9. Nf3 Bg6 10. Qe1 c6 11. e4 0-0 12. Nc3 Na6 13. a3 f5 14. b4 Bf6 15. e5 Be7 16. Rb1 Nc7 17. Be3 a5 18. Nd4 axb4 19. axb4 Bh5 20. Qd2 Qe8 21. Kh1 Qg6 22. Nce2 Nb5 23. c4 Nxd4 24. Nxd4 Kh8 25. Kh2 Ra4 26. Nc2 Rfa8 27. Qc3 Qe8 28. Ra1 Nf8 29. c5 R8a6 30. Rxa4 Rxa4 31. Rb1 Ra2 32. Rb2 Qa8 33. Bf1 Qa4 34. Kg1 h6 35. Rxa2 Qxa2 36. Nd4 Kh7 37. b5 cxb5 38. Nxb5 Qb1 39. Nd4 Qd1 40. Kf2 Nd7 41. Be2 Bxe2 42. Nxe2 Qb1 43. Nc1 Qb5 44. Nb3 Qa4 45. Ke2 Qa2+ 46. Nd2 Qa4 47. Nb3 Qa2+ 48. Nd2 Qa4 49. Nb3 Qa2+ 1/2-1/2

[Event "Budapest SixDays 09 GM-A"]
[Site "Budapest"]
[Date "2023.09.20"]
[Round "4"]
[White "Nandhidhaa, PV."]
[Black "Berczes, David"]
[Result "0-1"]
[WhiteElo "2316"]
[BlackElo "2451"]
[PlyCount "142"]
[EventDate "2023.09.18"]
[EventType "tourn"]
[EventRounds "9"]
[EventCountry "HUN"]
[EventCategory "7"]
[SourceTitle "EXT 2024"]
[Source "ChessBase"]
[SourceDate "2023.10.10"]
[SourceVersion "1"]
[SourceVersionDate "2023.10.10"]
[SourceQuality "1"]

1. e4 e5 2. Nf3 Nc6 3. Nc3 Nf6 4. Bb5 Bc5 5. Nxe5 Nxe5 6. d4 Bd6 7. f4 Neg4 8. e5 Bb4 9. 0-0 0-0 10. f5 Re8 11. exf6 Nxf6 12. Bg5 c6 13. Bd3 d5 14. Qf3 h6 15. Bh4 Bf8 16. Rae1 Rxe1 17. Rxe1 Bd7 18. Re3 Bd6 19. Ne2 c5 20. Nf4 cxd4 21. Re2 Bxf4 22. Qxf4 Qb6 23. Re7 Bb5 24. Bxf6 Qxf6 25. Rxb7 Bxd3 26. cxd3 Qa6 27. Qc7 Rf8 28. Rb8 Rxb8 29. Qxb8+ Kh7 30. Qb3 Qa5 31. Kf1 Qd2 32. f6 gxf6 33. h3 Kg7 34. Kg1 h5 35. Qxd5 Qxd3 36. Qxh5 Qe3+ 37. Kh2 d3 38. Qg4+ Qg5 39. Qd1 Qf4+ 40. Kg1 d2 41. a3 a5 42. b4 axb4 43. axb4 Qxb4 44. Kf2 Qd4+ 45. Ke2 Qe4+ 46. Kf2 Qd4+ 47. Ke2 Qd5 48. g4 Qg2+ 49. Ke3 Qxh3+ 50. Kxd2 Qg2+ 51. Ke3 Kh6 52. Qd7 Qg3+ 53. Ke2 Qe5+ 54. Kf3 Kg6 55. Qc8 Qd5+ 56. Kf4 Qd4+ 57. Kf3 Qd3+ 58. Kf4 Kg7 59. Qf5 Qd4+ 60. Kf3 Qe5 61. Qc8 Qd5+ 62. Kg3 Qe6 63. Qc2 Qe3+ 64. Kh4 Kh6 65. Qc8 Qf2+ 66. Kh3 Qf3+ 67. Kh4 Kg7 68. Qf5 Qxf5 69. gxf5 Kf8 70. Kg4 Ke7 71. Kf4 Kd6 0-1

[Event "Budapest SixDays 05 GM-A"]
[Site "Budapest"]
[Date "2023.05.29"]
[Round "4"]
[White "Berczes, David"]
[Black "Can, Isik"]
[Result "1/2-1/2"]
[WhiteElo "2439"]
[BlackElo "2505"]
[PlyCount "47"]
[EventDate "2023.05.27"]
[EventType "tourn"]
[EventRounds "9"]
[EventCountry "HUN"]
[EventCategory "9"]
[SourceTitle "CBM 214 Extra"]
[Source "ChessBase"]
[SourceDate "2023.07.31"]
[SourceVersion "1"]
[SourceVersionDate "2023.07.31"]
[SourceQuality "1"]

1. Nf3 c5 2. c4 Nc6 3. d4 cxd4 4. Nxd4 Nf6 5. Nc3 e6 6. e4 Bb4 7. Nxc6 bxc6 8. Bd3 e5 9. 0-0 0-0 10. h3 Bxc3 11. bxc3 d6 12. f4 Qa5 13. fxe5 Qxe5 14. Qe1 Nd7 15. Bf4 Qe6 16. Rd1 Ba6 17. Be2 Ne5 18. c5 Bxe2 19. Qxe2 dxc5 20. Bxe5 Qxe5 21. Qc4 Rae8 22. Rd7 Qe6 23. Qxe6 Rxe6 24. Rf4 1/2-1/2

[Event "Budapest SixDays 05 GM-A"]
[Site "Budapest"]
[Date "2023.05.28"]
[Round "3"]
[White "Berczes, David"]
[Black "Shahil, Dey"]
[Result "1/2-1/2"]
[WhiteElo "2439"]
[BlackElo "2316"]
[PlyCount "49"]
[EventDate "2023.05.27"]
[EventType "tourn"]
[EventRounds "9"]
[EventCountry "HUN"]
[EventCategory "9"]
[SourceTitle "CBM 214 Extra"]
[Source "ChessBase"]
[SourceDate "2023.07.31"]
[SourceVersion "1"]
[SourceVersionDate "2023.07.31"]
[SourceQuality "1"]

1. Nf3 Nf6 2. g3 g6 3. Bg2 Bg7 4. 0-0 0-0 5. d4 d5 6. c4 c6 7. cxd5 cxd5 8. Nc3 Ne4 9. Ne5 Bf5 10. Bf4 Nxc3 11. bxc3 Nc6 12. Nxc6 bxc6 13. Qa4 e6 14. Qxc6 Rc8 15. Qa4 Rxc3 16. Rfc1 Rxc1+ 17. Rxc1 Qb6 18. e3 Qb2 19. Qd1 Bd3 20. Bf1 Bxf1 21. Rc2 Qb7 22. Qxf1 Rc8 23. Qb5 Qxb5 24. Rxc8+ Bf8 25. Bh6 1/2-1/2